| 000 | 00563nam a22001937a 4500 | ||
|---|---|---|---|
| 003 | OSt | ||
| 005 | 20140310181741.0 | ||
| 008 | 130323t xxu||||| |||| 00| 0 eng d | ||
| 020 | _a9717890838 | ||
| 050 |
_aBV4529 _b.C54 2003 |
||
| 082 |
_aBV4529 _b.C54 2003 |
||
| 245 |
_a Raising great kids a comprehensive guide to parenting with grace and truth _cHenry Cloud & John Townsend |
||
| 260 |
_aGrand Rapids, Mich _b Zondervan Pub. House _c2003 |
||
| 300 |
_a233 p. _c21 cm |
||
| 521 | _aTeachers | ||
| 541 | _j1 | ||
| 562 | _e1 | ||
| 942 |
_2lcc _cBK-TR _kTR |
||
| 999 |
_c2794 _d2794 |
||